Statistics for Pic Quiz: famous people, first name starts with K or L

Click here to take the quiz!

General Stats

  • This quiz has been taken 27 times
  • The average score is 8 of 15

Answer Stats

Answer % Correct
Lionel Richie
96%
Kate Winslet
84%
Keith Richards
68%
Lucille Ball
68%
Kevin Bacon
68%
Katharine Hepburn
64%
Karl Marx
60%
Kim Basinger
56%
Larry King
56%
Kathleen Turner
48%
Leonard Nimoy
48%
Lemmy
40%
Kate Beckinsale
32%
Lauryn Hill
24%
Lennie James
8%

Score Distribution

Percentile by Number Answered

Percent of People with Each Score

Your Score History

You have not taken this quiz